| 000 | 00917nam a22002057a 4500 | ||
|---|---|---|---|
| 005 | 20210325191244.0 | ||
| 008 | s2526 th tha d | ||
| 041 | _atha | ||
| 090 | _aว KD211.4 ม175ล 2526 | ||
| 100 | 0 | _aมนูญ รูปขจร | |
| 245 | 1 | 0 | _aลักษณะทางสังคมของสมาชิกรัฐสภากับอุดมการณ์ประชาธิปไตย |
| 260 | 3 |
_a[กรุงเทพฯ] : _bมหาวิทยาลัยเกษตรศาสตร์, _c2526 |
|
| 300 |
_a96 หน้า : _b ตาราง ; _c 28 ซม. |
||
| 650 | 0 | 4 | _aประชาธิปไตย |
| 650 | 0 | 4 | _aสมาชิกรัฐสภา -- อุดมการณ์ประชาธิปไตย -- วิจัย |
| 850 | _aNALT | ||
| 942 | _cRSH | ||
| 997 |
_c000000000027892 _kVC |
||
| 998 | _aNISA LUANGTONGKUM | ||
| 999 |
_c27892 _d27892 |
||